Principles and practice of spectrochemical analysis (Record no. 19372)
[ view plain ]
| 000 -LEADER | |
|---|---|
| fixed length control field | 00304nam a2200109Ia 4500 |
| 082 ## - DEWEY DECIMAL CLASSIFICATION NUMBER | |
| Classification number | 543.42 |
| Item number | NAC |
| 100 ## - MAIN ENTRY--AUTHOR NAME | |
| Personal name | Nachtrier, Norman H |
| 245 #0 - TITLE STATEMENT | |
| Title | Principles and practice of spectrochemical analysis |
| 260 ## - PUBLICATION, DISTRIBUTION, ETC. (IMPRINT) | |
| Place of publication | New York |
| Name of publisher | McGraw Hill |
| Year of publication | 1950 |
| 942 ## - ADDED ENTRY ELEMENTS (KOHA) | |
| Koha item type | Books |
| Withdrawn status | Lost status | Damaged status | Not for loan | Home library | Current library | Date acquired | Full call number | Accession Number | Koha item type |
|---|---|---|---|---|---|---|---|---|---|
| RRII Library | RRII Library | 16/12/2021 | 543.42 NAC | 00108 | Books |